000 00681nam a2200241 i 4500
001 C2-0233766
003 PPAK
005 20180727194456.0
008 010610s1971 enka|||| ||||| | eng d
040 _aPPAK
_beng
_cPPAK
_erda
082 0 4 _a745.51074
_223
090 0 0 _a745.51074
_bCOM
_dKSF
100 1 _aCompton, Michael,
_eauthor
245 1 0 _aRobert Morris
264 1 _aLondon :
_bTate Gallery Publications Department ,
_c1971
300 _a128 pages :
_billustrations ;
_c21 cm
336 _2rdacontent
_atext
337 _2rdamedia
_aunmediated
338 _2rdacarrier
_avolume
650 1 0 _aMorris, Robert, 1931 - Exhibitions
700 _eauthor
942 _ddc
_cB
999 _c50210
_d50210